[Event "CZE-ch U14"]
[Site "Kouty nad Desnou"]
[Date "2024.03.13"]
[Round "6"]
[White "Mydlar, Matej"]
[Black "Kroulik, Vaclav"]
[Result "0-1"]
[WhiteElo "1819"]
[BlackElo "1936"]
[PlyCount "76"]
[EventDate "2024.03.09"]
[EventType "swiss"]
[EventRounds "9"]
[EventCountry "CZE"]
[SourceTitle "CB12_2024"]
[SourceDate "2023.10.01"]
[SourceVersion "1"]
[SourceVersionDate "2023.10.01"]
[SourceQuality "1"]

1. e4 c5 2. Nf3 d6 3. d4 cxd4 4. Nxd4 Nf6 5. Nc3 Nc6 6. Bc4 e6 7. Be3 a6 8. Bb3 Be7 9. 0-0 0-0 10. f4 Nxd4 11. Bxd4 b5 12. a3 Qc7 13. Qe2 Qb7 14. Rad1 e5 15. fxe5 dxe5 16. Bxe5 Bg4 17. Qf2 Bxd1 18. Bxf6 Bxf6 19. Bd5 Qd7 20. Rxd1 Rac8 21. Bb3 Qg4 22. h3 Qh4 23. Nd5 Qxf2+ 24. Kxf2 Bg5 25. Kf3 Rfe8 26. g3 Rc6 27. h4 Bf6 28. Kf4 Be5+ 29. Ke3 h5 30. Nf4 Bxb2 31. Rd7 Rf8 32. Nxh5 Bxa3 33. e5 Bb2 34. Ke4 g6 35. Nf6+ Kg7 36. Nd5 Re6 37. Nc3 Ree8 38. Rd3 b4 0-1

[Event "Hradec Kralove op 13th"]
[Site "Hradec Kralove"]
[Date "2023.11.09"]
[Round "7"]
[White "Mydlar, Matej"]
[Black "Ochedzan, Filip"]
[Result "1/2-1/2"]
[WhiteElo "1809"]
[BlackElo "1873"]
[PlyCount "78"]
[EventDate "2023.11.04"]
[EventType "swiss"]
[EventRounds "9"]
[EventCountry "CZE"]
[SourceTitle "CB46_2023"]
[SourceDate "2023.11.15"]
[SourceVersion "1"]
[SourceVersionDate "2023.11.15"]
[SourceQuality "1"]

1. e4 c5 2. Nf3 d6 3. d4 cxd4 4. Nxd4 Nf6 5. Nc3 Nc6 6. Bg5 e6 7. Be2 a6 8. Qd2 Bd7 9. 0-0-0 Be7 10. f4 h6 11. Bxf6 Bxf6 12. Nb3 Be7 13. Kb1 b5 14. Bf3 b4 15. Ne2 a5 16. Nbd4 Qb8 17. e5 Nxd4 18. Qxd4 d5 19. f5 Qc7 20. fxe6 fxe6 21. Bh5+ Kd8 22. Nf4 Rc8 23. Rd2 Qc5 24. Ng6 Qxd4 25. Rxd4 Rg8 26. Rf1 Be8 27. Rdf4 Bxg6 28. Bxg6 Kd7 29. Bd3 Rcf8 30. Bb5+ Kd8 31. c3 Rxf4 32. Rxf4 Rf8 33. Rxf8+ Bxf8 34. Kc2 Bc5 35. Kd3 bxc3 36. bxc3 Bg1 37. h3 Bh2 38. Kd4 Bg1+ 39. Kd3 Bh2 1/2-1/2

[Event "Hradec Kralove op 13th"]
[Site "Hradec Kralove"]
[Date "2023.11.07"]
[Round "5"]
[White "Mydlar, Matej"]
[Black "Wenke, Oldrich"]
[Result "0-1"]
[WhiteElo "1809"]
[BlackElo "1984"]
[PlyCount "68"]
[EventDate "2023.11.04"]
[EventType "swiss"]
[EventRounds "9"]
[EventCountry "CZE"]
[SourceTitle "CB46_2023"]
[SourceDate "2023.11.15"]
[SourceVersion "1"]
[SourceVersionDate "2023.11.15"]
[SourceQuality "1"]

1. e4 b6 2. d4 Bb7 3. Nc3 e6 4. a3 Nf6 5. Bd3 c5 6. Nf3 c4 7. Bxc4 Nxe4 8. Nxe4 Bxe4 9. Bd3 Bxd3 10. Qxd3 d5 11. Bf4 Nc6 12. Bg3 Be7 13. 0-0-0 Rc8 14. Ne5 Nxe5 15. dxe5 0-0 16. f4 Qc7 17. Kb1 Qc4 18. Qxc4 Rxc4 19. c3 g6 20. Rd4 Rfc8 21. Rhd1 b5 22. Rxc4 Rxc4 23. Kc2 a6 24. b3 Re4 25. Re1 Rxe1 26. Bxe1 g5 27. Bd2 gxf4 28. Bxf4 Kg7 29. b4 Kg6 30. Kd3 Kf5 31. Bg3 Bd8 32. h3 Bb6 33. Bh2 h5 34. Kd2 Bc7 0-1

[Event "Ricany op"]
[Site "Ricany"]
[Date "2023.08.31"]
[Round "7"]
[White "Vavrinec, Tomas"]
[Black "Mydlar, Matej"]
[Result "0-1"]
[WhiteElo "1847"]
[BlackElo "1668"]
[PlyCount "48"]
[EventDate "2023.08.26"]
[EventType "swiss"]
[EventRounds "9"]
[EventCountry "CZE"]
[SourceTitle "EXT 2024"]
[Source "ChessBase"]
[SourceDate "2023.10.10"]
[SourceVersion "1"]
[SourceVersionDate "2023.10.10"]
[SourceQuality "1"]

1. Nf3 c5 2. c4 Nc6 3. g3 g6 4. Bg2 d6 5. 0-0 Bg7 6. Nc3 e5 7. d3 Nge7 8. Bg5 f6 9. Bd2 0-0 10. a3 Be6 11. Rb1 d5 12. cxd5 Nxd5 13. Ne4 Qe7 14. Qa4 Rac8 15. Rfc1 Nb6 16. Qd1 c4 17. dxc4 Nxc4 18. Bc3 Rfd8 19. Qe1 Bh6 20. Rd1 f5 21. Ned2 e4 22. Nh4 Nxd2 23. Bxd2 Bxd2 24. Rxd2 g5 0-1

[Event "Bohumin op-B 6th"]
[Site "Bohumin"]
[Date "2023.07.08"]
[Round "8"]
[White "Tomczyk, Piotr"]
[Black "Mydlar, Matej"]
[Result "1/2-1/2"]
[WhiteElo "1569"]
[BlackElo "1782"]
[PlyCount "98"]
[EventDate "2023.07.01"]
[EventType "swiss"]
[EventRounds "9"]
[EventCountry "CZE"]
[SourceTitle "EXT 2024"]
[Source "ChessBase"]
[SourceDate "2023.10.10"]
[SourceVersion "1"]
[SourceVersionDate "2023.10.10"]
[SourceQuality "1"]

1. e4 c5 2. b4 cxb4 3. a3 d5 4. e5 Bf5 5. axb4 e6 6. c3 f6 7. Bb5+ Nd7 8. Nf3 Qc7 9. Qa4 fxe5 10. Bxd7+ Qxd7 11. Nxe5 Qxa4 12. Rxa4 Bxb1 13. d3 Bd6 14. Bf4 Bxd3 15. Nxd3 Bxf4 16. Nxf4 Kf7 17. Kd2 Nf6 18. f3 a6 19. Re1 Rhe8 20. Nd3 Nd7 21. f4 Rac8 22. g3 Kf6 23. Ra5 Rc7 24. Rxd5 Nb6 25. Rc5 Rd7 26. Kc2 Red8 27. Rce5 Nc4 28. Rxe6+ Kf7 29. R6e4 b5 30. Ne5+ Nxe5 31. Rxe5 Rd2+ 32. Kb3 Rxh2 33. g4 h6 34. R1e2 Rxe2 35. Rxe2 Rd6 36. f5 Kf6 37. Re4 h5 38. gxh5 Kxf5 39. Re7 Kf6 40. Rc7 Kg5 41. Rxg7+ Kxh5 42. Rc7 Kg5 43. c4 bxc4+ 44. Kxc4 Rb6 45. Kb3 Kf5 46. Ka4 Ke5 47. Rc5+ Kd4 48. Ka5 Rh6 49. Rc8 Kd5 1/2-1/2

[Event "CZE-ch U12"]
[Site "Teplice"]
[Date "2023.03.16"]
[Round "7"]
[White "Mydlar, Matej"]
[Black "Chernyy, Andrey"]
[Result "1/2-1/2"]
[WhiteElo "1586"]
[BlackElo "1605"]
[PlyCount "135"]
[EventDate "2023.03.11"]
[EventType "swiss"]
[EventRounds "9"]
[EventCountry "CZE"]
[SourceTitle "CBM 213 Extra"]
[Source "ChessBase"]
[SourceDate "2023.05.31"]
[SourceVersion "1"]
[SourceVersionDate "2023.05.31"]
[SourceQuality "1"]

1. e4 e5 2. Nf3 Nc6 3. Bb5 a6 4. Ba4 Nf6 5. 0-0 b5 6. Bb3 Be7 7. Re1 d6 8. c3 0-0 9. h3 Nb8 10. d4 Nbd7 11. Nbd2 Bb7 12. Bc2 h6 13. Nf1 Re8 14. Ng3 Bf8 15. d5 c6 16. dxc6 Bxc6 17. Be3 Qc7 18. Qe2 Nc5 19. Bxc5 dxc5 20. Rad1 Rad8 21. Qe3 Bb7 22. a4 Ra8 23. Rd2 Red8 24. Red1 Rxd2 25. Rxd2 Re8 26. Nf5 Qc6 27. axb5 axb5 28. Ng3 Qc7 29. b3 Bc6 30. Qd3 Qb7 31. c4 b4 32. Qe3 Qc7 33. Kh1 Kh8 34. Kh2 Kg8 35. Nh4 Bd7 36. Nhf5 Kh7 37. Kg1 Be6 38. Qf3 g6 39. Ne3 Bg7 40. Nd5 Bxd5 41. exd5 Qd6 42. Re2 Kg8 43. h4 Ra8 44. Re1 Re8 45. h5 Nxh5 46. Nxh5 gxh5 47. Qxh5 Qf6 48. Re3 Qg5 49. Qd1 Rd8 50. Qd3 Ra8 51. Re1 Qf6 52. d6 Rd8 53. Rd1 Rd7 54. Qd5 Bf8 55. Qxc5 Rxd6 56. Rxd6 Bxd6 57. Qe3 Bc7 58. Qe4 Qg5 59. g3 Bb6 60. Kg2 Qf6 61. Qe2 Qd6 62. Qe4 Qf6 63. Qg4+ Kf8 64. c5 Qc6+ 65. Be4 Qxc5 66. Qf3 Qd6 67. Bd5 Qg6 68. Be4 1/2-1/2

[Event "Liberec op 22nd"]
[Site "Liberec"]
[Date "2023.02.24"]
[Round "1"]
[White "Mydlar, Matej"]
[Black "Haubt, Georg"]
[Result "1-0"]
[WhiteElo "1586"]
[BlackElo "2111"]
[PlyCount "113"]
[EventDate "2023.02.24"]
[EventType "swiss"]
[EventRounds "9"]
[EventCountry "CZE"]
[SourceTitle "CBM 213 Extra"]
[Source "ChessBase"]
[SourceDate "2023.05.31"]
[SourceVersion "1"]
[SourceVersionDate "2023.05.31"]
[SourceQuality "1"]

1. e4 d5 2. exd5 Qxd5 3. Nc3 Qd6 4. d4 Nf6 5. Bd3 Bg4 6. f3 Bd7 7. Nge2 e6 8. Bf4 Qb6 9. 0-0 c5 10. dxc5 Bxc5+ 11. Kh1 0-0 12. Qe1 Bc6 13. Ne4 Be7 14. Qg3 Nh5 15. Qh3 g6 16. Be5 Nd7 17. Bd4 Qc7 18. f4 f5 19. N4c3 Bf6 20. Bxf6 Nhxf6 21. Nd4 Rfe8 22. Nxc6 Qxc6 23. Rad1 Qb6 24. Bb5 Re7 25. Qh4 Rae8 26. Rfe1 Kg7 27. Bxd7 Rxd7 28. Rxd7+ Nxd7 29. Nd5 Qc5 30. Nc3 Nf6 31. h3 b5 32. Re5 Qc6 33. Rxb5 Ne4 34. Rb3 Nd2 35. Ra3 Qb6 36. Na4 Qb4 37. Rd3 Qxa4 38. Rxd2 e5 39. b3 Qc6 40. fxe5 Rxe5 41. Qd4 Qc5 42. Qxc5 Rxc5 43. Rd7+ Kh6 44. c4 Ra5 45. a4 a6 46. Rd6 Kg5 47. Kh2 Kf4 48. Re6 g5 49. Rf6 h5 50. Rh6 h4 51. Rf6 Ke4 52. Rc6 f4 53. Rc8 Kd4 54. Rd8+ Kc3 55. Rd5 Kb4 56. Rxa5 Kxa5 57. Kg1 1-0

[Event "CZE-chT U12"]
[Site "Jihlava"]
[Date "2022.06.12"]
[Round "8.1"]
[White "Mydlar, Matej"]
[Black "Mik, Tomas"]
[Result "0-1"]
[WhiteElo "1584"]
[BlackElo "1668"]
[PlyCount "78"]
[EventDate "2022.06.10"]
[EventType "team-swiss"]
[EventRounds "9"]
[EventCountry "CZE"]
[SourceTitle "CBM 209 Extra"]
[Source "ChessBase"]
[SourceDate "2022.09.30"]
[SourceVersion "1"]
[SourceVersionDate "2022.09.30"]
[SourceQuality "1"]
[WhiteTeam "Jundrov Jezdci U12"]
[BlackTeam "Rychnov nad Kneznou U12"]
[WhiteTeamCountry "CZE"]
[BlackTeamCountry "CZE"]

1. e4 c5 2. Nf3 e6 3. d4 cxd4 4. Nxd4 Nf6 5. Nc3 d6 6. Be2 Be7 7. Be3 0-0 8. 0-0 Nc6 9. f4 Bd7 10. Ndb5 Qb8 11. Nd4 Nxd4 12. Bxd4 Bc6 13. Bd3 Nd7 14. Rf3 e5 15. fxe5 Nxe5 16. Rg3 Bf6 17. Nd5 Bxd5 18. exd5 Nf3+ 19. Qxf3 Bxd4+ 20. Kh1 g6 21. c3 Be5 22. Rh3 f5 23. Rf1 Qd8 24. Qe3 Qe7 25. Re1 Qg7 26. Rh4 Rae8 27. h3 Bf6 28. Qxe8 Rxe8 29. Rxe8+ Kf7 30. Rb8 Bxh4 31. Rxb7+ Be7 32. Rxa7 Qe5 33. Bc4 Qe3 34. Rb7 Qc1+ 35. Kh2 Qf4+ 36. Kh1 Qxc4 37. a3 Qxd5 38. Rb4 Bf6 39. Kg1 Be5 0-1

[Event "CZE-chT U12"]
[Site "Jihlava"]
[Date "2022.06.12"]
[Round "9.1"]
[White "Topencik, Bruno"]
[Black "Mydlar, Matej"]
[Result "0-1"]
[WhiteElo "1177"]
[BlackElo "1584"]
[PlyCount "156"]
[EventDate "2022.06.10"]
[EventType "team-swiss"]
[EventRounds "9"]
[EventCountry "CZE"]
[SourceTitle "CBM 209 Extra"]
[Source "ChessBase"]
[SourceDate "2022.09.30"]
[SourceVersion "1"]
[SourceVersionDate "2022.09.30"]
[SourceQuality "1"]
[WhiteTeam "Celakovice Spartak U12"]
[BlackTeam "Jundrov Jezdci U12"]
[WhiteTeamCountry "CZE"]
[BlackTeamCountry "CZE"]

1. d4 Nf6 2. c4 e6 3. Nc3 Bb4 4. Nf3 c5 5. dxc5 Bxc3+ 6. bxc3 Nc6 7. Nd4 0-0 8. Bg5 h6 9. Bxf6 Qxf6 10. e3 Qd8 11. Qa4 Qe7 12. Qb5 f5 13. 0-0-0 e5 14. Nc2 Nb8 15. Nb4 Na6 16. Nd5 Qxc5 17. Qxc5 Nxc5 18. Ne7+ Kh8 19. Ng6+ Kg8 20. Nxf8 Kxf8 21. f3 Ke7 22. Bd3 d6 23. e4 f4 24. g3 Bh3 25. Bf1 Bd7 26. gxf4 exf4 27. h4 Rc8 28. Rg1 Rg8 29. Rg6 Be6 30. Re1 Nd7 31. Be2 Ne5 32. Rg2 g6 33. Kc2 Rc8 34. Rb1 b6 35. Rf2 Bxc4 36. Bxc4 Nxc4 37. Rg1 Ne5 38. h5 g5 39. a4 Rc4 40. Ra1 Rc5 41. Rd1 Rc6 42. Rd5 Nc4 43. Rd3 Ne3+ 44. Kb3 Nc4 45. Kb4 Ne5 46. Rd4 Rc5 47. Rdd2 Nc6+ 48. Kb3 Ne5 49. Rd5 Rc6 50. a5 Ke6 51. axb6 Rxb6+ 52. Kc2 Nc4 53. Kc1 Rb3 54. Rd3 a5 55. Ra2 Ne5 56. Rdd2 Rxc3+ 57. Rdc2 Rxf3 58. Rxa5 Rf1+ 59. Kb2 g4 60. Ra7 Rh1 61. Rcc7 Rxh5 62. Re7+ Kf6 63. Re8 Rh2+ 64. Kb1 Re2 65. Rf8+ Kg5 66. Rg7+ Kh4 67. Rxf4 h5 68. Rh7 Kg3 69. Rf5 h4 70. Rh6 Rxe4 71. Rxd6 Nf3 72. Rd3 h3 73. Rc5 h2 74. Rc1 Kf4 75. Rdd1 g3 76. Rh1 g2 77. Rxh2 Nxh2 78. Rg1 Kf3 0-1

[Event "CZE-chT U12"]
[Site "Jihlava"]
[Date "2022.06.11"]
[Round "3.1"]
[White "Mydlar, Matej"]
[Black "Delgerdalai, Bayarjavkhlan"]
[Result "0-1"]
[WhiteElo "1584"]
[BlackElo "1779"]
[PlyCount "62"]
[EventDate "2022.06.10"]
[EventType "team-swiss"]
[EventRounds "9"]
[EventCountry "CZE"]
[SourceTitle "CBM 209 Extra"]
[Source "ChessBase"]
[SourceDate "2022.09.30"]
[SourceVersion "1"]
[SourceVersionDate "2022.09.30"]
[SourceQuality "1"]
[WhiteTeam "Jundrov Jezdci U12"]
[BlackTeam "Stare Mesto U12"]
[WhiteTeamCountry "CZE"]
[BlackTeamCountry "CZE"]

1. e4 c5 2. Nf3 e6 3. d4 cxd4 4. Nxd4 a6 5. Nc3 Nc6 6. Be3 Nf6 7. Be2 Bb4 8. Bf3 Ne5 9. 0-0 0-0 10. a3 Bxc3 11. bxc3 d5 12. exd5 Nxd5 13. Bxd5 Qxd5 14. Bf4 Ng6 15. Bg3 e5 16. Nf3 Qc5 17. Re1 f6 18. Qd2 Bf5 19. Red1 Rac8 20. Rab1 b5 21. Rb3 Be6 22. Rc1 Rfd8 23. Qe1 Bxb3 24. cxb3 Qxa3 25. Nd2 Qb2 26. Ne4 Qxb3 27. Rb1 Qd5 28. f3 f5 29. Nf2 f4 30. Rd1 Qe6 31. Rxd8+ Rxd8 0-1

[Event "CZE-chT U12"]
[Site "Jihlava"]
[Date "2022.06.10"]
[Round "2.1"]
[White "Kammova, Katerina"]
[Black "Mydlar, Matej"]
[Result "0-1"]
[WhiteElo "1338"]
[BlackElo "1584"]
[PlyCount "220"]
[EventDate "2022.06.10"]
[EventType "team-swiss"]
[EventRounds "9"]
[EventCountry "CZE"]
[SourceTitle "CBM 209 Extra"]
[Source "ChessBase"]
[SourceDate "2022.09.30"]
[SourceVersion "1"]
[SourceVersionDate "2022.09.30"]
[SourceQuality "1"]
[WhiteTeam "Lysa nad Labem U12"]
[BlackTeam "Jundrov Jezdci U12"]
[WhiteTeamCountry "CZE"]
[BlackTeamCountry "CZE"]

1. e4 c5 2. Nf3 a6 3. c3 e6 4. d4 d5 5. e5 Nc6 6. Be3 Qb6 7. Qd2 f6 8. Be2 fxe5 9. Nxe5 Nxe5 10. dxe5 Ne7 11. 0-0 Nf5 12. Na3 Nxe3 13. fxe3 Bd7 14. c4 d4 15. exd4 cxd4 16. Kh1 0-0-0 17. c5 Bxc5 18. Rac1 Kb8 19. Nc4 Qb4 20. Qc2 Be8 21. a3 Qa4 22. b3 Qd7 23. Bd3 Bg6 24. b4 Ba7 25. Nd6 Bxd3 26. Qxd3 Rhf8 27. Qe4 g6 28. h3 Rf5 29. Nxf5 gxf5 30. Qh4 d3 31. Rfd1 Be3 32. Rc3 f4 33. Qg4 d2 34. Rc2 Qa4 35. Ra2 Qc6 36. Qe2 Qd5 37. Rc2 Qxe5 38. Qc4 Qd6 39. Qe2 e5 40. Ra2 Qd5 41. Rc2 b5 42. Qf3 e4 43. Qg4 Rg8 44. Qh4 Qb3 45. Rcxd2 Bxd2 46. Rxd2 Qf7 47. Rd8+ Rxd8 48. Qxd8+ Kb7 49. Qd4 Qe6 50. Qg7+ Kc6 51. Qc3+ Kb7 52. Qg7+ Kc8 53. Qf8+ Kc7 54. Qc5+ Qc6 55. Qe5+ Kb7 56. Qxf4 Qe6 57. Qe3 h5 58. Qc3 e3 59. Qg7+ Kc6 60. Qc3+ Kd7 61. Qd4+ Ke8 62. Qh8+ Ke7 63. Qg7+ Kd8 64. Qf8+ Kc7 65. Qc5+ Kb7 66. Qxh5 e2 67. Qf3+ Kb6 68. Qf2+ Kc6 69. Qf3+ Kd7 70. Qb7+ Ke8 71. Qa8+ Kf7 72. Qf3+ Kg6 73. Qd3+ Kf7 74. Qh7+ Ke8 75. Qh8+ Kd7 76. Qd4+ Qd6 77. Qg4+ Qe6 78. Qd4+ Kc6 79. Qc3+ Kb6 80. Qd4+ Kb7 81. Qg7+ Kb6 82. Qd4+ Kb7 83. Qg7+ Kc6 84. Qc3+ Qc4 85. Qf6+ Kd5 86. Qf3+ Kd4 87. Qf2+ Kc3 88. Qe1+ Kb3 89. Qb1+ Ka4 90. Qe1 Qd3 91. Kh2 Qd1 92. Qf2 e1Q 93. Qf4 Qg1+ 94. Kg3 Qd3+ 95. Kh4 Qgd4 96. Qxd4 Qxd4+ 97. g4 Qg7 98. Kg3 Kxa3 99. Kh4 Kxb4 100. g5 Kc4 101. Kh5 Kd5 102. g6 Ke5 103. Kg4 Qxg6+ 104. Kf3 Qe4+ 105. Kg3 Qf4+ 106. Kg2 Ke4 107. h4 Ke3 108. h5 Qg4+ 109. Kf1 Qe2+ 110. Kg1 Kf3 0-1

[Event "CZE-ch U12"]
[Site "Luhacovice"]
[Date "2022.03.15"]
[Round "5"]
[White "Mydlar, Matej"]
[Black "Knapek, Jan"]
[Result "1-0"]
[WhiteElo "1554"]
[BlackElo "1340"]
[PlyCount "141"]
[EventDate "2022.03.12"]
[EventType "swiss"]
[EventRounds "9"]
[EventCountry "CZE"]
[SourceTitle "EXT 2023"]
[Source "ChessBase"]
[SourceDate "2022.10.05"]
[SourceVersion "1"]
[SourceVersionDate "2022.10.05"]
[SourceQuality "1"]

1. e4 c5 2. Nf3 d6 3. d4 cxd4 4. Nxd4 Nf6 5. Nc3 g6 6. Bg5 Bg7 7. Bc4 0-0 8. Qd2 Nc6 9. Nxc6 bxc6 10. 0-0 Bb7 11. Rad1 Qc7 12. Bf4 Rad8 13. Bb3 Qd7 14. Qc1 Qc8 15. e5 dxe5 16. Bxe5 Qf5 17. Bc7 Rd7 18. Rxd7 Qxd7 19. Bg3 c5 20. Rd1 Qc8 21. Bc4 Rd8 22. f3 Rxd1+ 23. Qxd1 Qd7 24. Qxd7 Nxd7 25. Bd5 Bxd5 26. Nxd5 e6 27. Ne7+ Kf8 28. Nc6 c4 29. b3 cxb3 30. axb3 a6 31. Nb4 a5 32. Nc6 Ke8 33. Nxa5 Kd8 34. Nc4 Kc8 35. Nd6+ Kb8 36. Nxf7+ Kb7 37. Nd8+ Kb6 38. Bf2+ Kb5 39. Nxe6 Bc3 40. Ng5 h6 41. Ne4 Be5 42. Be1 Nb6 43. Bd2 g5 44. c4+ Kc6 45. Kf2 Nc8 46. b4 Ne7 47. b5+ Kb7 48. Nc5+ Kc8 49. Nd3 Bc7 50. c5 Bxh2 51. Nb2 Nf5 52. Nc4 Bg3+ 53. Kg1 Nd4 54. b6 Kb7 55. Be3 Nc6 56. Bf2 Bf4 57. g3 Ne5 58. Nd6+ Kc6 59. gxf4 gxf4 60. Kg2 h5 61. Bd4 Nd3 62. Nc4 Ne1+ 63. Kf1 h4 64. Kxe1 h3 65. Bg1 Kb7 66. Nd6+ Kb8 67. c6 h2 68. Bxh2 Ka8 69. Bxf4 Kb8 70. Nf7+ Kc8 71. b7# 1-0

[Event "EU Union-ch U10"]
[Site "Kouty nad Desnou"]
[Date "2021.08.22"]
[Round "9.4"]
[White "Mydlar, Matej"]
[Black "Badica, Ariana"]
[Result "0-1"]
[WhiteElo "1243"]
[BlackElo "1285"]
[PlyCount "54"]
[EventDate "2021.08.14"]
[EventType "swiss"]
[EventRounds "9"]
[EventCountry "CZE"]
[SourceTitle "EXT 2022"]
[Source "ChessBase"]
[SourceDate "2021.10.06"]
[SourceVersion "1"]
[SourceVersionDate "2021.10.06"]
[SourceQuality "1"]

1. e4 c5 2. Nf3 e6 3. d4 cxd4 4. Nxd4 Nc6 5. Nc3 Qc7 6. Be3 a6 7. a3 Nf6 8. f4 d5 9. e5 Nd7 10. Qf3 b5 11. Nb3 Bb7 12. Qf2 b4 13. Na4 bxa3 14. bxa3 Na5 15. Nbc5 Nxc5 16. Nxc5 Rc8 17. Na4 Qc6 18. Nb2 Qc3+ 19. Kd1 Qxb2 20. Bd4 Rxc2 21. Qe3 Qb3 22. Qxb3 Nxb3 23. Rb1 Nxd4 24. Rxb7 Ra2 25. Rb8+ Kd7 26. Bd3 Ra1+ 27. Bb1 Bxa3 0-1

[Event "EU Union-ch U10"]
[Site "Kouty nad Desnou"]
[Date "2021.08.19"]
[Round "6.2"]
[White "Mydlar, Matej"]
[Black "Popzafirov, Danail"]
[Result "1-0"]
[WhiteElo "1243"]
[BlackElo "1851"]
[PlyCount "75"]
[EventDate "2021.08.14"]
[EventType "swiss"]
[EventRounds "9"]
[EventCountry "CZE"]
[SourceTitle "EXT 2022"]
[Source "ChessBase"]
[SourceDate "2021.10.06"]
[SourceVersion "1"]
[SourceVersionDate "2021.10.06"]
[SourceQuality "1"]

1. e4 c5 2. Nf3 e6 3. d4 cxd4 4. Nxd4 Nf6 5. Nc3 Nc6 6. Ndb5 d6 7. Bf4 e5 8. Bg5 a6 9. Bxf6 gxf6 10. Na3 b5 11. Nd5 f5 12. Bd3 f4 13. c4 b4 14. Nc2 a5 15. g3 fxg3 16. fxg3 Be6 17. Nce3 Nd4 18. 0-0 Bg7 19. Qh5 0-0 20. Nf5 Bxf5 21. exf5 f6 22. g4 Ra7 23. Kh1 Qe8 24. Qh3 Qc6 25. Qg2 Kh8 26. Qe4 Qc5 27. g5 b3 28. gxf6 Bxf6 29. Nxf6 Rxf6 30. Rg1 bxa2 31. Qg4 Qc6+ 32. Be4 Qc8 33. Bd5 h6 34. Qh5 Qxf5 35. Qe8+ Rf8 36. Rg8+ Kh7 37. Qxf8 Qb1+ 38. Rg1 1-0